000 00366nam a2200133 a 4500
005 20140414093847.0
008 100223s19uu xx uuu eng d
050 _aCDB 784.8
_bPAT 2004
245 _aPatrick Sheridan presents :
_bstyle studies.
650 _aInstrumental ensembles
_xScores.
650 _aWind ensembles
_xScores.
942 _cAVM
999 _c109643
_d109643